El cultivo de células y tejidos vegetales para el mejoramiento de la producción agrícola en América Latina: estado actual y desarrollo futuro

Shranjeno v:
Bibliografske podrobnosti
Korporativna značnica: Academia de Ciencias de América Latina (Author)
Format: Knjiga
Jezik:španščina
Izdano: Caracas Amazonas Artes Gráficas 1985
Teme:
Oznake: Označite
Brez oznak, prvi označite!

MARC

LEADER 00000nam a2200000 a 4500
001 UCQ1644
003 CL-VaPUC
008 980721e19850000VE |||||||||||||||||spa|d
082 0 4 |a 581  |b ACA  |2 21 
110 2 |a Academia de Ciencias de América Latina  |e author  |9 415364 
245 1 3 |a El cultivo de células y tejidos vegetales para el mejoramiento de la producción agrícola en América Latina: estado actual y desarrollo futuro 
300 |a 13 p 
942 |c BK 
945 |d 19980721 00:00:00  |a mvenant 
260 |a Caracas  |b Amazonas Artes Gráficas  |c 1985 
650 0 |a Cultivo de células vegetales  |9 415365 
650 0 |a Cultivo de tejidos vegetales  |9 326066 
583 |a last modification  |c 19980721 00:00:00  |k Rodrigo Vera 
999 |c 272514  |d 272512